00273nam a2200109Ia 4500008004100000100001800041245003100059250001300090260004400103300000800147650000800155191201s2010 xx 000 0 und d aSHARMA, Robin 0aWho Will Cry When You Die? a56th IMP aN. DelhibJaico Publication Housec2010 a225 aBBA